Normal view
MARC view
- Immune system. Immunity. Immune System
Entry Topical Term
001 - CONTROL NUMBER
- control field: 88880
003 - CONTROL NUMBER IDENTIFIER
- control field: NUST
005 - DATE AND TIME OF LATEST TRANSACTION
- control field: 20220208111812.0
008 - FIXED-LENGTH DATA ELEMENTS
- fixed length control field: 220208|| aca||aabn | a|a d
040 ## - CATALOGING SOURCE
- Original cataloging agency: NUST
- Transcribing agency: NUST
150 ## - HEADING--TOPICAL TERM
- Topical term or geographic name entry element: Immune system. Immunity. Immune System
670 ## - SOURCE DATA FOUND
- Source citation: Work cat.: (NUST)586776: Yahya, Harun 84221, The Miracle of the Immune System, 2008.
